Effectif du Stade rochelais - Saison 2024-2025 - Statistiques

Statistiques générales
  • Ce quiz a été pris 252 fois
  • Le résultat moyen est 26 sur 39
Statistiques - réponses
Poste Joueurs Nationalités points % Correct
Pilier Uini Atonio France -
97%
demi d'ouverture Antoine Hastoy France 25
93%
3ème ligne Gregory Alldritt France -
92%
arrière Brice Dulin France -
91%
Talonneur Pierre Bourgarit France -
91%
Pilier Reda Wardi France 5
89%
centre Jonathan Danty France -
86%
ailier Dillyn Leyds Afrique du Sud 20
85%
demi d'ouverture Ihaia West Nouvelle-zélande 4
85%
3ème ligne Paul Boudehent France -
84%
2ème ligne Will Skelton Australie -
82%
demi de mêlée Tawera Kerr-Barlow Nouvelle-zélande 5
81%
3ème ligne Levani Botia Fidji -
80%
ailier Teddy Thomas France 10
80%
Pilier George Henri Colombe France 5
78%
demi d'ouverture Hugo Reus France 3
77%
centre Ulupano Seuteni Samoa -
76%
ailier Jack Nowell Angleterre 5
73%
3ème ligne Oscar Jegou France -
70%
Pilier Joel Sclavi Argentine -
68%
demi de mêlée Thomas Berjon France 5
68%
2ème ligne Thomas Lavault France -
65%
centre Jules Favre France 5
62%
2ème ligne Kane Douglas Australie 5
62%
Talonneur Quentin Lespiaucq France -
62%
Talonneur Tolu Latu Tonga -
62%
3ème ligne Matthias Haddad France -
60%
ailier Hoani Bosmorin France -
59%
2ème ligne Ultan Dillane Irlande -
56%
Pilier Aleksandre Kuntelia Georgie 5
53%
ailier Raymond Rhule Afrique du Sud -
53%
3ème ligne Judicaël Cancoriet France -
52%
demi de mêlée Teddy Iribaren France 3
49%
Pilier Louis Penverne France -
44%
Pilier Alexandre Kaddouri France -
38%
ailier Nathan Bollengier France -
33%
Pilier Thierry Paiva France -
32%
centre Simeli Daunivucu France -
29%
centre Romain Lamit France -
11%
Aucun quiz correspondant
Distribution des résultats
% des personnes avec chaque résultat
Percentile par nombre de réponses
Votre historique - résultats
Vous n’avez pas pris ce quiz